|
|
|
|
| LEADER |
00000nam0a2200000 4500 |
| 001 |
37754 |
| 005 |
20231031004441.0 |
| 035 |
|
|
|a (RuTPU)RU\TPU\book\38345
|
| 090 |
|
|
|a 37754
|
| 100 |
|
|
|a 20020129d1976 m y0rusy50 ca
|
| 101 |
0 |
|
|a rus
|
| 102 |
|
|
|a RU
|
| 105 |
|
|
|a a j 001zy
|
| 200 |
1 |
|
|a Тепловые электрические станции
|e учебник для вузов
|f В. Я. Рыжкин
|
| 205 |
|
|
|a 2-е изд., перераб. и доп.
|
| 210 |
|
|
|a Москва
|c Энергия
|d 1976
|
| 215 |
|
|
|a 447 с.
|c ил.
|
| 320 |
|
|
|a Библиогр.: с. 437-441.
|
| 320 |
|
|
|a Предм. указ.: с. 442-444.
|
| 451 |
|
1 |
|0 (RuTPU)RU\TPU\book\34463
|t Тепловые электрические станции
|o учебное пособие
|f В. Я. Рыжкин
|e 3-е изд., перераб. и доп.
|c М.
|n Энергоатомиздат
|d 1987
|p 328 с.
|a Рыжкин, Вениамин Яковлевич
|
| 451 |
|
1 |
|0 (RuTPU)RU\TPU\book\55723
|t Тепловые электрические станции
|o учебник для вузов
|f В. Я. Рыжкин
|c М.
|c Л.
|n Энергия
|d 1967
|p 400 с.
|a Рыжкин, Вениамин Яковлевич
|
| 610 |
1 |
|
|a электрические станции
|
| 610 |
1 |
|
|a ТЭС
|
| 610 |
1 |
|
|a тепловые электрические станции
|
| 610 |
1 |
|
|a энергетика
|
| 610 |
1 |
|
|a пар
|
| 610 |
1 |
|
|a вода
|
| 610 |
1 |
|
|a отработанное тепло
|
| 610 |
1 |
|
|a использование
|
| 610 |
1 |
|
|a конденсация
|
| 610 |
1 |
|
|a оборудование
|
| 610 |
1 |
|
|a энергоблоки
|
| 610 |
1 |
|
|a расчет
|
| 610 |
1 |
|
|a учебники
|
| 675 |
|
|
|a 621.311.22(075.8)
|v 3
|
| 700 |
|
1 |
|a Рыжкин
|b В. Я.
|g Вениамин Яковлевич
|
| 801 |
|
1 |
|a RU
|b 63413507
|c 20020129
|g PSBO
|
| 801 |
|
2 |
|a RU
|b 63413507
|c 20220621
|g PSBO
|
| 942 |
|
|
|c BK
|